[Event "Thessaloniki Triandria op 5th"]
[Site "Thessaloniki"]
[Date "2012.04.18"]
[Round "2"]
[White "Koutsoura, Georgia"]
[Black "Likou, Efstratios"]
[Result "1-0"]
[WhiteElo "1419"]
[BlackElo "1005"]
[PlyCount "37"]
[EventDate "2012.04.17"]
[EventType "swiss"]
[EventRounds "7"]
[EventCountry "GRE"]
[SourceTitle "EXT 2014"]
[Source "ChessBase"]
[SourceDate "2013.11.20"]
[SourceVersion "1"]
[SourceVersionDate "2013.11.20"]
[SourceQuality "1"]

1. d4 Nf6 2. Nf3 d5 3. Bf4 e6 4. e3 c5 5. c3 Be7 6. Nbd2 Nbd7 7. Bd3 c4 8. Bc2 Nh5 9. Be5 f6 10. Bg3 Nxg3 11. hxg3 f5 12. Ba4 Bf6 13. Bxd7+ Bxd7 14. Ne5 g5 15. Qh5+ Ke7 16. Qf7+ Kd6 17. Nxd7 Be7 18. Nc5 Qb6 19. Qxe6+ 1-0